[Event "Olimpiade 2022 - Open"]
[Site "Chennai"]
[Date "01.08.2022"]
[Round "4.62"]
[Board "4"]
[White "Antoniou, Rafail"]
[Black "Seder, Mohamad"]
[Result "1-0"]
[WhiteElo "1817"]
[BlackElo "1950"]
[WhiteTeam "Cyprus"]
[BlackTeam "Palestine"]
[WhiteFideId "5904390"]
[BlackFideId "11505567"]
[EventDate "2022.07.29"]

1. e4 e6 2. d4 d5 3. Nc3 Bb4 4. exd5 exd5 5. Bd3 Nf6 6. Ne2 O-O 7. O-O Nbd7 8.
a3 Bd6 9. Ng3 Re8 10. Nce2 Ne4 11. Bf4 Ndf6 12. Qc1 b6 13. f3 Nxg3 14. Nxg3 c5
15. c3 Qc7 16. Bxd6 Qxd6 17. Qg5 h6 18. Qd2 Bd7 19. Rfe1 Rac8 20. Rad1 h5 21.
Qg5 cxd4 22. cxd4 b5 23. Nxh5 Nxh5 24. Qxh5 g6 25. Qg5 b4 26. Rxe8+ Rxe8 27.
axb4 Qxb4 28. Qxd5 Be6 29. Qc5 Qxb2 30. Qxa7 Bf5 31. Bxf5 Qb3 32. Qa1 gxf5 33.
Re1 Rd8 34. Qa5 Rd5 35. Qd2 Qa4 36. Rd1 f4 37. Kf1 Qc4+ 38. Kf2 Qa4 39. Kg1 Kg7
40. Qe2 Qd7 41. Qe4 Qa4 42. Rd2 Qa1+ 43. Kf2 Qc1 44. Qxf4 f6 45. Qe3 Rg5 46. Re2
Qh1 47. Qe7+ Kg6 48. Qe4+ Kg7 49. f4 Ra5 50. Qe7+ Kg6 51. Qe8+ Kh6 52. Qh8+ Kg6
53. Qg8+ Kh6 54. Re7 Ra2+ 55. Qxa2 Qxh2 56. Qd2 f5 57. Re6+ Kg7 58. Qe3 Qh5 59.
Qe5+ Kg8 60. Re8+ 1-0

[Event "Olimpiade 2022 - Open"]
[Site "Chennai"]
[Date "01.08.2022"]
[Round "4.67"]
[Board "1"]
[White "Muhammed, Shuaau"]
[Black "Ajak Mach Duany"]
[Result "1-0"]
[WhiteTitle "FM"]
[WhiteElo "1987"]
[BlackElo "2029"]
[WhiteTeam "Maldives"]
[BlackTeam "South Sudan"]
[WhiteFideId "16700406"]
[BlackFideId "32501099"]
[EventDate "2022.07.29"]

1. e4 c6 2. d4 d5 3. e5 Bf5 4. h4 h5 5. Bd3 Bxd3 6. Qxd3 e6 7. Bg5 Qb6 8. Nd2 c5
9. c4 Qxb2 10. Rd1 Qxd4 11. Qb3 Qxe5+ 12. Ne2 Qc7 13. cxd5 exd5 14. Qxd5 Be7 15.
Ne4 Nf6 16. Bxf6 gxf6 17. O-O Nd7 18. N2c3 Nb6 19. Qf5 Qe5 20. Qf3 Rd8 21. Rde1
Kf8 22. Ng3 Qb8 23. Nxh5 Nd7 24. Qg4 Rg8 25. Qf5 Ne5 26. Nxf6 Bxf6 27. Qxf6 Ng4
28. Qe7+ Kg7 29. Qg5+ Kf8 30. Qxc5+ Qd6 31. Qxd6+ Rxd6 32. f3 Nf6 33. Ne4 Nxe4
34. Rxe4 Rh8 35. Rf2 Rh5 36. Kh2 Ra6 37. Kh3 b5 38. g4 Rd5 39. g5 Rb6 40. Kg4 a5
41. h5 f5+ 42. gxf6 Rxf6 43. f4 b4 44. f5 Rb5 45. Kg5 Rbb6 46. Rfe2 Kg8 47. Re8+
Rf8 48. h6 Rb7 49. Rxf8+ Kxf8 50. Kg6 b3 51. h7 Rg7+ 52. Kh5 1-0

[Event "Olimpiade 2022 - Open"]
[Site "Chennai"]
[Date "01.08.2022"]
[Round "4.79"]
[Board "2"]
[White "Masiala Mayuku, Eddy"]
[Black "Soriano, Rudolph P."]
[Result "1-0"]
[WhiteElo "1574"]
[BlackElo "1824"]
[WhiteTeam "Democratic Republic of the Congo"]
[BlackTeam "Guam"]
[WhiteFideId "21400164"]
[BlackFideId "31000142"]
[EventDate "2022.07.29"]

1. d4 Nf6 2. Nf3 e6 3. g3 d5 4. Bg2 Be7 5. O-O O-O 6. Re1 Nbd7 7. Qd3 c5 8. c3
c4 9. Qc2 Ne4 10. Nbd2 f5 11. Nf1 g5 12. N3d2 Qe8 13. f3 Nd6 14. e4 fxe4 15.
fxe4 Qg6 16. Qd1 Qf7 17. Nf3 Nxe4 18. N1d2 Nxd2 19. Qxd2 Kh8 20. Rf1 Qg6 21. Qe2
h6 22. Bd2 Bd6 23. Rae1 Nf6 24. Ne5 Qg7 25. Rf2 Bxe5 26. dxe5 Nh7 27. Rxf8+ Nxf8
28. Be3 Bd7 29. Rf1 Nh7 30. Qg4 b6 31. Bd4 Kg8 32. Bxd5 exd5 33. e6 h5 34. Qf5
Qf8 35. Qg6+ 1-0

[Event "Olimpiade 2022 - Open"]
[Site "Chennai"]
[Date "01.08.2022"]
[Round "4.83"]
[Board "4"]
[White "Berardi, Giancarlo"]
[Black "Bansal, Nayan"]
[Result "1-0"]
[WhiteElo "1757"]
[BlackElo "1444"]
[WhiteTeam "San Marino"]
[BlackTeam "US Virgin Islands"]
[WhiteFideId "11800011"]
[BlackFideId "6800467"]
[EventDate "2022.07.29"]

1. c4 c5 2. Nc3 Nc6 3. g3 e6 4. Bg2 Nf6 5. Nf3 d5 6. cxd5 exd5 7. d4 b6 8. O-O
Be7 9. Re1 O-O 10. b3 Bb7 11. Bb2 h5 12. Rc1 h4 13. dxc5 Bxc5 14. Nxh4 d4 15.
Na4 Bb4 16. Bxc6 Bxe1 17. Bxb7 Bxf2+ 18. Kxf2 Rb8 19. Bf3 Qd7 20. Bxd4 Rbd8 21.
e3 Qh3 22. Qg1 Ng4+ 23. Bxg4 Qxg4 24. Qg2 Rxd4 25. exd4 Qxd4+ 26. Kf3 Qf6+ 27.
Kg4 Qe6+ 28. Nf5 Qg6+ 29. Kf4 Kh8 1-0

[Event "Olimpiade 2022 - Open"]
[Site "Chennai"]
[Date "01.08.2022"]
[Round "4.86"]
[Board "3"]
[White "Stetsenko, Ilya"]
[Black "Pillay, Ragul"]
[Result "1/2-1/2"]
[WhiteElo "1683"]
[BlackElo "1341"]
[WhiteTeam "Aruba"]
[BlackTeam "Seychelles"]
[WhiteFideId "15900762"]
[BlackFideId "9800174"]
[EventDate "2022.07.29"]

1. d4 Nf6 2. c4 e6 3. Nf3 d5 4. Nc3 Bb4 5. Qa4+ Nc6 6. e3 Ne4 7. Bd2 Nxd2 8.
Nxd2 O-O 9. Bd3 Qg5 10. O-O dxc4 11. Nxc4 Bxc3 12. bxc3 b5 13. Qc2 bxc4 14.
Bxh7+ Kh8 15. f4 Qe7 16. Rf3 g6 17. Bxg6 fxg6 18. Qxg6 Rf7 19. Rh3+ Rh7 20.
Rxh7+ Qxh7 21. Qe8+ Qg8 22. Qxc6 Rb8 23. Qe4 Rb2 24. Rb1 Rxb1+ 25. Qxb1 Ba6 26.
Qe4 Qg4 27. Qf3 Qxf3 28. gxf3 Kg7 29. Kf2 Kg6 30. e4 Bb7 31. Kg3 Kh5 32. f5 exf5
33. Kf4 fxe4 34. fxe4 Kh4 35. e5 Kh3 36. e6 Bc6 37. Ke5 Kxh2 38. d5 Ba4 39. Kd4
Bb5 40. Kc5 a6 41. a4 Bxa4 42. Kxc4 Kg3 43. Kc5 Kf4 44. d6 cxd6+ 45. Kxd6 Be8
46. c4 a5 47. c5 Kf5 48. c6 Bxc6 49. Kxc6 Kxe6 50. Kb5 1/2-1/2

[Event "Olimpiade 2022 - Open"]
[Site "Chennai"]
[Date "02.08.2022"]
[Round "5.2"]
[Board "2"]
[White "Nihal, Sarin"]
[Black "Anton Guijarro, David"]
[Result "1/2-1/2"]
[WhiteTitle "GM"]
[BlackTitle "GM"]
[WhiteElo "2651"]
[BlackElo "2667"]
[WhiteTeam "India 2"]
[BlackTeam "Spain"]
[WhiteFideId "25092340"]
[BlackFideId "2285525"]
[EventDate "2022.07.29"]

1. d4 Nf6 2. c4 e6 3. Nc3 Bb4 4. e3 O-O 5. Bd3 c5 6. Ne2 cxd4 7. exd4 d5 8. cxd5
Nxd5 9. O-O Nc6 10. Be4 Bd6 11. Bxd5 exd5 12. Bf4 Bg4 13. f3 Be6 14. Bxd6 Qxd6
15. Qd2 f6 16. Rfe1 Rfe8 17. Ng3 Re7 18. Re2 Rae8 19. Rae1 g6 20. Nf1 Kg7 21. a3
h5 22. h4 a6 23. Kf2 b5 24. Na2 a5 25. Nc1 b4 26. a4 Bd7 27. Nb3 Rxe2+ 28. Rxe2
Nd8 29. Rxe8 Bxe8 30. Nc5 Ne6 31. Nxe6+ Qxe6 32. b3 Qc6 33. Ne3 Bd7 34. f4 Bg4
35. Nxg4 hxg4 36. g3 Kf7 37. Ke2 Qc8 38. Kd1 Qf5 39. Qc2 Qxc2+ 40. Kxc2 f5 1/2-1/2

[Event "Olimpiade 2022 - Open"]
[Site "Chennai"]
[Date "02.08.2022"]
[Round "5.7"]
[Board "2"]
[White "Can, Emre"]
[Black "Tabatabaei, M. Amin"]
[Result "1/2-1/2"]
[WhiteTitle "GM"]
[BlackTitle "GM"]
[WhiteElo "2606"]
[BlackElo "2664"]
[WhiteTeam "Turkey"]
[BlackTeam "Iran"]
[WhiteFideId "6302181"]
[BlackFideId "12521213"]
[EventDate "2022.07.29"]

1. d4 Nf6 2. c4 e6 3. g3 Bb4+ 4. Nd2 O-O 5. Bg2 d5 6. Nf3 b6 7. O-O Bb7 8. Ne5
h6 9. Qc2 Bd6 10. cxd5 exd5 11. Ndc4 Re8 12. b3 Na6 13. Bb2 Ne4 14. Nxd6 cxd6
15. Nd3 Rc8 16. Qd1 Qd7 17. Rc1 Nc7 18. f3 Nf6 19. Qd2 Re7 20. Rfe1 Rce8 21. a4
Ba6 22. e3 g5 23. Nf2 Bb7 24. Bh3 Qd8 25. Qc3 Bc8 26. Bxc8 Qxc8 27. e4 Qb7 28.
e5 dxe5 29. dxe5 d4 30. Qd3 Nd7 31. Ng4 Re6 32. Qxd4 Na6 33. f4 f5 34. Ne3 gxf4
35. gxf4 Nac5 36. Nxf5 Nxb3 37. Qc3 Rg6+ 38. Ng3 Nxc1 39. Rxc1 Qd5 40. Qc2 Rg4
41. Qf5 Rg7 42. Qh5 Nf6 43. Qxh6 Qd3 44. exf6 Rxg3+ 45. hxg3 Qxg3+ 46. Kh1 Qf3+
47. Kg1 Qg3+ 48. Kh1 1/2-1/2

[Event "Olimpiade 2022 - Open"]
[Site "Chennai"]
[Date "02.08.2022"]
[Round "5.12"]
[Board "2"]
[White "Stefansson, Hannes"]
[Black "Brkic, Ante"]
[Result "1/2-1/2"]
[WhiteTitle "GM"]
[BlackTitle "GM"]
[WhiteElo "2541"]
[BlackElo "2611"]
[WhiteTeam "Iceland"]
[BlackTeam "Croatia"]
[WhiteFideId "2300087"]
[BlackFideId "14506688"]
[EventDate "2022.07.29"]

1. e4 c5 2. Nf3 d6 3. Bb5+ Nd7 4. c4 Nf6 5. Nc3 g6 6. h3 Bg7 7. d3 O-O 8. Ba4
Nb8 9. O-O Bd7 10. Bxd7 Nfxd7 11. d4 Nc6 12. Be3 Rc8 13. d5 Nd4 14. Nxd4 cxd4
15. Bxd4 Rxc4 16. Bxg7 Kxg7 17. Qe2 Qc8 18. Rac1 Nf6 19. Rce1 Qc5 20. e5 dxe5
21. Qxe5 b5 22. Qxe7 b4 23. Qxc5 Rxc5 24. Ne4 Rxd5 25. Nxf6 Kxf6 26. Re4 a5 27.
a3 b3 28. Rfe1 Rd2 29. R1e2 Rfd8 30. Rf4+ Kg5 31. Rxd2 Rxd2 32. Ra4 Rxb2 33.
Rxa5+ Kf4 34. Ra4+ Ke5 35. Rb4 h5 36. g4 hxg4 37. hxg4 f5 38. gxf5 1/2-1/2

[Event "Olimpiade 2022 - Open"]
[Site "Chennai"]
[Date "02.08.2022"]
[Round "5.12"]
[Board "3"]
[White "Kozul, Zdenko"]
[Black "Kjartansson, Gudmundur"]
[Result "1/2-1/2"]
[WhiteTitle "GM"]
[BlackTitle "GM"]
[WhiteElo "2602"]
[BlackElo "2448"]
[WhiteTeam "Croatia"]
[BlackTeam "Iceland"]
[WhiteFideId "14502879"]
[BlackFideId "2301318"]
[EventDate "2022.07.29"]

1. d4 d5 2. c4 e6 3. Nf3 Nf6 4. Bg5 h6 5. Bxf6 Qxf6 6. e3 Nd7 7. Nc3 c6 8. Be2
dxc4 9. Bxc4 Bd6 10. O-O O-O 11. Ne4 Qe7 12. Nxd6 Qxd6 13. Qc2 b6 14. Rfd1 Bb7
15. a4 Rfd8 16. a5 c5 17. a6 Bxf3 18. gxf3 cxd4 19. Rxd4 Qc7 20. Rc1 Rac8 21.
Bd3 Qb8 22. Rc4 Rxc4 23. Bxc4 Rc8 24. Qd1 Ne5 25. Be2 Rxc1 26. Qxc1 Qd8 27. f4
Ng6 28. Kf1 Nh4 29. Ke1 g5 30. fxg5 hxg5 31. Qc6 Kf8 32. Qb7 Qe7 33. Kd1 Nf5 34.
Bd3 Nd6 35. Qc6 Qd8 36. Ke2 Ke7 37. Qg2 Kd7 38. f4 gxf4 39. exf4 Qh8 40. Ke3 e5
41. Qg4+ Kc7 42. h4 e4 43. Bxe4 Qxb2 44. Bd3 Qc3 45. Ke2 Qb2+ 46. Ke3 b5 47. Qe2
Qc1+ 48. Kf3 Qh1+ 49. Kg3 Kb6 50. Qg2 Qa1 51. Qd5 Qg1+ 52. Kh3 Qe3+ 53. Kg4 Qg1+
54. Kh5 Kc7 55. Qe5 f6 56. Qe7+ Kc6 57. Be4+ Nxe4 58. Qxe4+ Kb6 59. Qe6+ Ka5 60.
Qxf6 b4 61. f5 b3 62. Qc3+ Ka4 63. f6 Qf2 64. Qc6+ Ka3 65. Qd6+ Ka2 66. Qe6 Qf3+
67. Kg5 Qg3+ 68. Kh5 Qf3+ 69. Kh6 Qf4+ 70. Kg7 Qg3+ 71. Kf8 Qxh4 72. f7 Qd8+ 73.
Qe8 Qh4 74. Qe6 Qd8+ 75. Kg7 Qg5+ 76. Kh7 Qh5+ 77. Kg7 Qg5+ 78. Kh7 Qh5+ 1/2-1/2

[Event "Olimpiade 2022 - Open"]
[Site "Chennai"]
[Date "02.08.2022"]
[Round "5.19"]
[Board "1"]
[White "Perez Ponsa, Federico"]
[Black "Cardoso Cardoso, Jose Gabriel"]
[Result "1/2-1/2"]
[WhiteTitle "GM"]
[BlackTitle "FM"]
[WhiteElo "2554"]
[BlackElo "2493"]
[WhiteTeam "Argentina"]
[BlackTeam "Colombia"]
[WhiteFideId "117927"]
[BlackFideId "4430492"]
[EventDate "2022.07.29"]

1. e4 c5 2. Nf3 d6 3. Bb5+ Nd7 4. c4 Nf6 5. Nc3 a6 6. Ba4 e6 7. O-O Be7 8. d4
cxd4 9. Nxd4 O-O 10. Kh1 Qc7 11. Qe2 Ne5 12. Bb3 Nc6 13. Nxc6 Qxc6 14. f4 b5 15.
e5 dxe5 16. fxe5 Nd7 17. Bf4 Nc5 18. Bc2 bxc4 19. Qg4 Bb7 20. Rf3 f5 21. exf6
Bxf6 22. Raf1 Nd3 23. Bg3 Bxc3 24. bxc3 Qe4 25. Rxf8+ Rxf8 26. Rxf8+ Kxf8 27.
Qxe4 Bxe4 28. Bd6+ Kf7 29. Kg1 Bd5 30. Kf1 e5 31. g3 Bf3 32. Bxd3 cxd3 33. Ke1
Ke6 34. Bf8 g6 35. Kd2 e4 36. c4 Kf5 37. Bd6 Kg4 38. h4 Kf5 39. Ke3 Bd1 40. Bc7
Ba4 41. Bd6 Bc6 42. Bc7 Bd7 43. a3 Be6 44. a4 Bxc4 45. a5 Kg4 46. Bd6 Bd5 47.
Bf4 Bc6 48. Kf2 Kh3 49. Bd2 Bb7 50. Be3 Bc6 51. Bd2 1/2-1/2

[Event "Olimpiade 2022 - Open"]
[Site "Chennai"]
[Date "02.08.2022"]
[Round "5.28"]
[Board "4"]
[White "Mazara Ruiz, Adan Manuel"]
[Black "Acs, Peter"]
[Result "0-1"]
[WhiteTitle "FM"]
[BlackTitle "GM"]
[WhiteElo "2286"]
[BlackElo "2575"]
[WhiteTeam "Dominican Republic"]
[BlackTeam "Hungary"]
[WhiteFideId "6400248"]
[BlackFideId "708020"]
[EventDate "2022.07.29"]

1. e4 c5 2. Nf3 d6 3. Bb5+ Nd7 4. c3 Nf6 5. Qe2 a6 6. Ba4 Qc7 7. O-O c4 8. Bc2
g6 9. a4 Ne5 10. Nxe5 dxe5 11. Na3 Be6 12. d4 cxd3 13. Bxd3 Rc8 14. Nc2 h5 15.
Nb4 h4 16. f4 Bg7 17. f5 gxf5 18. exf5 Bd7 19. a5 h3 20. g3 Bh6 21. Bxh6 Rxh6
22. Rae1 Qc5+ 23. Kh1 Qxa5 24. Qxe5 Qd8 25. Qf4 Rh8 26. Qe5 Kf8 27. Be4 Qc7 28.
Qxc7 Rxc7 29. Nd5 Nxd5 30. Bxd5 Rh6 31. Kg1 Rb6 32. Rf2 Rb5 33. c4 Rb4 34. Re3
Bc6 35. Bxc6 Rxc6 36. b3 a5 37. Rfe2 Rcb6 38. Re5 Rxb3 39. Rxa5 Rf3 40. Ra1 Rxf5
41. Rae1 e6 42. Rf1 Rxf1+ 43. Kxf1 Rb1+ 44. Kf2 Rc1 45. Rb2 Rxc4 46. Rxb7 Rc2+
47. Kg1 Rc1+ 48. Kf2 Rh1 49. g4 Rxh2+ 50. Kg3 Rh1 51. Rb4 Kg7 52. Ra4 Kf6 53.
Rf4+ Kg6 54. Re4 Kg5 55. Re5+ Kf6 0-1

[Event "Olimpiade 2022 - Open"]
[Site "Chennai"]
[Date "02.08.2022"]
[Round "5.33"]
[Board "1"]
[White "Amin, Bassem"]
[Black "Silva, David"]
[Result "1-0"]
[WhiteTitle "GM"]
[BlackTitle "IM"]
[WhiteElo "2680"]
[BlackElo "2315"]
[WhiteTeam "Egypt"]
[BlackTeam "Angola"]
[WhiteFideId "10601457"]
[BlackFideId "10101314"]
[EventDate "2022.07.29"]

1. Nf3 d5 2. c4 c6 3. g3 Nf6 4. Bg2 Bf5 5. cxd5 cxd5 6. Qb3 Qb6 7. Qxb6 axb6 8.
d3 Nc6 9. Nc3 e5 10. O-O h6 11. Nh4 Be6 12. f4 exf4 13. gxf4 d4 14. f5 Bb3 15.
Nb5 Kd7 16. Bxc6+ bxc6 17. Nxd4 Bc5 18. Nf3 Bxa2 19. Bd2 Ra4 20. Bc3 Nd5 21. e4
Nxc3 22. bxc3 Re8 23. Rf2 Rea8 24. Ne5+ Ke8 25. Nexc6 f6 26. Rb2 Bf7 27. Rxa4
Rxa4 28. Kg2 Kd7 29. Nb4 Ra1 30. Nf3 Ra3 31. e5 fxe5 32. Nxe5+ Ke8 33. c4 Ra1
34. Nbc6 Ra4 35. Kf3 h5 1-0

[Event "Olimpiade 2022 - Open"]
[Site "Chennai"]
[Date "02.08.2022"]
[Round "5.45"]
[Board "2"]
[White "Gong Thon Gong"]
[Black "Palomo, Franklin Annervys"]
[Result "1-0"]
[BlackTitle "FM"]
[WhiteElo "2176"]
[BlackElo "2324"]
[WhiteTeam "South Sudan"]
[BlackTeam "Venezuela"]
[WhiteFideId "32500610"]
[BlackFideId "3906965"]
[EventDate "2022.07.29"]

1. e4 c5 2. Nf3 e6 3. d4 cxd4 4. Nxd4 Nf6 5. Nc3 d6 6. f4 Be7 7. Be3 Nc6 8. Qf3
O-O 9. O-O-O Bd7 10. Nb3 Rc8 11. g4 a6 12. g5 Ne8 13. Kb1 b5 14. Rg1 f6 15. g6
f5 16. exf5 h6 17. fxe6 Bxe6 18. Bh3 Bxh3 19. Qxh3 Bf6 20. Nd5 Rb8 21. Rge1 Qc8
22. Qxc8 Rxc8 23. Nd4 Bh4 24. Nxc6 Rxc6 25. Re2 a5 26. Bf2 Bd8 27. Bd4 Nf6 28.
Bxf6 Bxf6 29. Re6 Bd8 30. a3 Bh4 31. Rd3 Rf5 32. Rb3 Rc5 33. c4 Kf8 34. Rbe3 Kg8
35. Rxd6 bxc4 36. Ne7+ Bxe7 37. Rxe7 Rxf4 38. Rd8+ Rf8 39. Ree8 Rf5 40. Kc2 Rf2+
41. Kc3 1-0

[Event "Olimpiade 2022 - Open"]
[Site "Chennai"]
[Date "02.08.2022"]
[Round "5.54"]
[Board "3"]
[White "Germinal, Kemly"]
[Black "Ramos Espinoza, Efren Andres"]
[Result "1/2-1/2"]
[BlackTitle "CM"]
[WhiteElo "1997"]
[BlackElo "2158"]
[WhiteTeam "Haiti"]
[BlackTeam "Panama"]
[WhiteFideId "11900571"]
[BlackFideId "6100538"]
[EventDate "2022.07.29"]

1. e4 c6 2. d4 d5 3. e5 c5 4. c3 Nc6 5. Be3 Qb6 6. Na3 cxd4 7. cxd4 Bf5 8. Bb5
e6 9. Qa4 Bxa3 10. bxa3 Ne7 11. Ne2 O-O 12. O-O a6 13. Bxc6 Nxc6 14. Rfc1 Rac8
15. Ng3 Bg6 16. h4 h6 17. Nf1 Na5 18. Qb4 Qb5 19. Rxc8 Rxc8 20. Rc1 Rxc1 21.
Bxc1 Qxb4 22. axb4 Nc6 23. Bb2 Nxb4 24. a3 Nd3 25. Bc3 Nc1 26. Bb2 Nb3 27. Bc3
Bd3 28. Nd2 Nc1 29. Bb2 Ne2+ 30. Kh2 Bc2 31. g3 a5 32. Kg2 f6 33. f4 fxe5 34.
fxe5 Kf7 35. Kf2 Bd3 36. Nb3 b6 37. Nc1 Nxc1 38. Bxc1 Ke7 39. Ke3 Bc4 40. Kd2
Ke8 41. Ke3 Bb3 42. Kd2 Kd7 43. Kc3 Bd1 44. Kd2 Ba4 45. Kc3 Kc6 46. g4 Bd1 47.
g5 h5 48. g6 Bg4 49. Bh6 Bf5 50. Bxg7 Bxg6 51. a4 Kd7 52. Bf6 Be4 53. Kb3 Bd3
54. Bg5 Bc4+ 55. Ka3 Be2 56. Bf6 Bd1 57. Bg5 Kc6 58. Be7 Be2 59. Bd8 Bc4 60. Bf6
Kd7 61. Bg5 Ke8 62. Bf6 b5 63. axb5 Bxb5 64. Bg5 Kf7 65. Bd8 a4 66. Bb6 Kg6 67.
Bc5 Kf5 68. Bd6 Ke4 69. Bc5 Kf3 70. Bd6 Kf4 71. Bc5 Be8 72. Bd6 Ke4 73. Bc5 Kf4
74. Bd6 Ke4 75. Bc5 1/2-1/2

[Event "Olimpiade 2022 - Open"]
[Site "Chennai"]
[Date "02.08.2022"]
[Round "5.55"]
[Board "2"]
[White "Al-Sulaiti, Ghanem"]
[Black "Salih, Akar Ali Salih"]
[Result "0-1"]
[WhiteTitle "FM"]
[BlackTitle "FM"]
[WhiteElo "2183"]
[BlackElo "2243"]
[WhiteTeam "Qatar"]
[BlackTeam "Iraq"]
[WhiteFideId "12100358"]
[BlackFideId "4800575"]
[EventDate "2022.07.29"]

1. e4 c5 2. Nf3 d6 3. Bb5+ Nd7 4. c4 Nf6 5. Nc3 g6 6. d4 cxd4 7. Nxd4 Bg7 8. Be3
a6 9. Bxd7+ Bxd7 10. f3 O-O 11. Rc1 Rc8 12. Qe2 Qa5 13. O-O e6 14. Rfd1 Qb4 15.
b3 e5 16. a3 Qa5 17. b4 Qxa3 18. Nb1 Qxb4 19. Nc2 Qxc4 20. Qf2 Ba4 21. Nca3 Qb4
22. Bd2 Qb2 23. Re1 d5 24. Qh4 dxe4 25. Bc3 Qb6+ 26. Kh1 exf3 27. Qxa4 Qf2 28.
Rg1 Nd5 29. Qe4 Nf4 30. gxf3 f5 31. Qxb7 Rb8 32. Qc6 Rfc8 33. Be1 Qe2 34. Qxc8+
Rxc8 35. Rxc8+ Bf8 36. Nd2 Nd3 37. Bh4 Qxd2 38. Rb1 Nf4 39. Rc2 Qd3 0-1

[Event "Olimpiade 2022 - Open"]
[Site "Chennai"]
[Date "02.08.2022"]
[Round "5.59"]
[Board "2"]
[White "Salim Issa, Ali Shamas"]
[Black "Kawuma, Patrick"]
[Result "1/2-1/2"]
[WhiteTitle "CM"]
[BlackTitle "FM"]
[WhiteElo "1851"]
[BlackElo "2270"]
[WhiteTeam "Oman"]
[BlackTeam "Uganda"]
[WhiteFideId "22000062"]
[BlackFideId "10000127"]
[EventDate "2022.07.29"]

1. d4 Nf6 2. c4 e6 3. Nc3 Bb4 4. e3 b6 5. Ne2 Bb7 6. a3 Be7 7. Ng3 h5 8. h3 h4
9. Nge2 d6 10. d5 e5 11. e4 Nbd7 12. Be3 Nh5 13. Qd2 Nf8 14. b4 Ng6 15. g3 hxg3
16. fxg3 Ba6 17. b5 Bc8 18. Bg2 Nf6 19. a4 Bd7 20. Ng1 Nh5 21. Nge2 a6 22. Bf3
Nf8 23. Kd1 g5 24. Kc2 Ng6 25. Kb3 Ng7 26. Bg2 Kf8 27. Raf1 Kg8 28. Ng1 Be8 29.
Nf3 Nh5 30. Ne2 f6 31. Ne1 Ng7 32. Nc2 Bd7 33. Qd3 Qc8 1/2-1/2

[Event "Olimpiade 2022 - Open"]
[Site "Chennai"]
[Date "02.08.2022"]
[Round "5.66"]
[Board "1"]
[White "Nevska, Gerda"]
[Black "Mannhart, Marcel"]
[Result "0-1"]
[BlackTitle "FM"]
[WhiteElo "1840"]
[BlackElo "2110"]
[WhiteTeam "Guernsey"]
[BlackTeam "Liechtenstein"]
[WhiteFideId "10700366"]
[BlackFideId "12000108"]
[EventDate "2022.07.29"]

1. d4 d6 2. e4 g6 3. Nc3 Bg7 4. f4 a6 5. Nf3 b5 6. Bd3 Nd7 7. O-O Bb7 8. Be3 c5
9. dxc5 dxc5 10. Nxb5 axb5 11. Bxb5 Rc8 12. Ne5 Nf6 13. Qe2 Qc7 14. Rad1 Rd8 15.
Nxd7 Nxd7 16. Qg4 Bc6 17. Bxc6 Qxc6 18. f5 O-O 19. fxg6 hxg6 20. Qg5 Bf6 21. Qd5
Qc7 22. b3 Be5 23. h4 c4 24. Qxc4 Qxc4 25. bxc4 Bf6 26. h5 gxh5 27. c5 Ne5 28.
Rd5 Ng4 29. Bc1 Bd4+ 30. Kh1 Rxd5 31. exd5 Bxc5 32. Rf5 Nf6 33. Bf4 Bd4 34. d6
exd6 35. Bxd6 Re8 36. c4 Re1+ 37. Kh2 Kg7 38. a3 Kg6 39. Rf3 Ne4 40. Bb4 Be5+
41. g3 Re2+ 42. Kg1 Nxg3 43. Bc5 Rc2 44. Re3 f6 0-1

[Event "Olimpiade 2022 - Open"]
[Site "Chennai"]
[Date "02.08.2022"]
[Round "5.75"]
[Board "2"]
[White "Zebaze Dongmo Loic Dylane"]
[Black "Alharthi, Ahmed Mohammed A"]
[Result "0-1"]
[WhiteElo "1837"]
[BlackElo "1935"]
[WhiteTeam "Cameroon"]
[BlackTeam "Saudi Arabia"]
[WhiteFideId "16401107"]
[BlackFideId "21522642"]
[EventDate "2022.07.29"]

1. d4 Nf6 2. Bf4 c5 3. c3 Qb6 4. Qb3 Qxb3 5. axb3 cxd4 6. Bxb8 Rxb8 7. Rxa7 e5
8. Nf3 Bc5 9. Ra1 d6 10. b4 Bb6 11. Nbd2 Be6 12. g3 Ng4 13. Ne4 dxc3 14. bxc3 f5
15. Nxd6+ Ke7 0-1

[Event "Olimpiade 2022 - Open"]
[Site "Chennai"]
[Date "02.08.2022"]
[Round "5.77"]
[Board "1"]
[White "Ahmad, Md Siraj Munir"]
[Black "De Gondo, Simplice Armel"]
[Result "1/2-1/2"]
[BlackTitle "FM"]
[WhiteElo "2035"]
[BlackElo "2135"]
[WhiteTeam "Brunei Darussalam"]
[BlackTeam "Cote d'Ivoire"]
[WhiteFideId "10500260"]
[BlackFideId "14306310"]
[EventDate "2022.07.29"]

1. e4 c5 2. Nf3 d6 3. Bb5+ Nd7 4. d4 cxd4 5. Qxd4 Qc7 6. c4 Nf6 7. Nc3 e6 8. Bg5
Be7 9. O-O O-O 10. Rfd1 Rd8 11. Rac1 Ne5 12. Nxe5 dxe5 13. Qe3 Rxd1+ 14. Rxd1 a6
15. Bxf6 Bxf6 16. Ba4 Qxc4 17. Qb6 g6 18. Rd6 a5 19. Bb3 Qb4 20. Qxb4 axb4 21.
Na4 Be7 22. Rd1 Ra6 23. Rc1 Bd7 24. Nc5 Rc6 25. Nd3 Rxc1+ 26. Nxc1 Bc6 27. Nd3
Bd6 28. f3 Kf8 29. Kf2 Bb5 30. Ke3 Ke7 31. h3 Kf6 32. g3 h5 33. Ke2 Kg5 34. Ke3
Bxd3 35. Kxd3 h4 36. Ke2 hxg3 37. Kf1 Kf4 38. Kg2 Bc5 39. Ba4 g5 40. Be8 f5 41.
Bg6 Bd4 42. b3 Bf2 43. Bh7 b6 44. Bg6 Be1 45. Bh7 Bf2 46. Bg6 Bc5 47. Bh7 Be7
48. Bg6 g4 49. hxg4 fxg4 50. fxg4 Bh4 51. Bh7 Kxg4 52. Bg6 Kf4 53. Bh7 Be7 54.
Bg6 Bc5 55. Bh7 Bf2 56. Bg6 Ke3 57. Bh7 Kd4 58. Kf3 Be1 59. Bg6 Kd3 60. Bh7 Kc3
61. Bg8 Kb2 62. Bxe6 Kxa2 63. Bd5 Kb2 64. Be6 Kc3 65. Bd5 b5 66. Be6 Bf2 67. Bf7
Kd4 68. Bd5 Kd3 69. Bc6 Kc3 70. Bd5 Be1 71. Kg2 Kd3 72. Kf3 Kd4 73. Bc6 Kc3 74.
Bd5 Bf2 75. Kg2 Kd2 76. Bc6 Ke3 77. Bd5 Kf4 78. Bc6 Be1 79. Bd5 1/2-1/2

[Event "Olimpiade 2022 - Open"]
[Site "Chennai"]
[Date "02.08.2022"]
[Round "5.84"]
[Board "2"]
[White "Lesbros, Bernard"]
[Black "Mohamed Ali Dima"]
[Result "0-1"]
[WhiteElo "1865"]
[BlackElo "1582"]
[WhiteTeam "Senegal"]
[BlackTeam "Djibouti"]
[WhiteFideId "614831"]
[BlackFideId "32500173"]
[EventDate "2022.07.29"]

1. d4 d5 2. c4 c6 3. Nf3 Bf5 4. cxd5 cxd5 5. Nc3 e6 6. e3 Nd7 7. Bb5 Nf6 8. h3
a6 9. Be2 Bd6 10. O-O Ne4 11. Nd2 Ndf6 12. Ndxe4 Nxe4 13. Nxe4 dxe4 14. f4 h5
15. Bd2 g5 16. Bb4 Bc7 17. g4 gxf4 18. Qa4+ b5 19. Bxb5+ axb5 20. Qxb5+ Qd7 21.
Qxd7+ Kxd7 22. gxf5 f3 23. fxe6+ fxe6 24. Kf2 h4 25. Rg1 Bg3+ 26. Rxg3 hxg3+ 27.
Kxg3 Rag8+ 28. Kf4 Rh4+ 29. Ke5 Rg5+ 30. Kf6 Rf5+ 31. Kg6 f2 32. Rf1 Rxh3 33. d5
Rg3+ 34. Kh6 Rg1 35. dxe6+ Kxe6 0-1